| 000 | 01093nam0a22002891 4500 | ||
|---|---|---|---|
| 001 | rc\4601883 | ||
| 005 | 20250612130726.0 | ||
| 021 |
_aRU _b[58-47046] |
||
| 035 | _a(NLR Aleph) 008666997 | ||
| 090 |
_a9096704 _c9096704 |
||
| 100 | _a20130416d1958 |||y0rusy50 ca | ||
| 101 | 0 | _arus | |
| 102 | _aRU | ||
| 105 | _ay j ||||| | ||
| 200 | 1 |
_aКоммунизм и христианство _eСтенограмма лекции... _fВсесоюз. о-во по распространению полит. и науч. знаний |
|
| 210 |
_aМосква _cЗнание _d1958 |
||
| 215 |
_a38 с. _d22 |
||
| 225 | 1 |
_a[Серия 2 _v№ 11] |
|
| 300 | _aПеред загл. авт.: д-р филос. наук проф. Х.Н. Момджян | ||
| 606 |
_aСоциализм и коммунизм _2psbo |
||
| 606 |
_aХристианство _2psbo |
||
| 700 | 1 |
_7ca _8rus _aМомджян _bХ. Н. _f1909-1996 _gХачик Нишанович _9268733 _3RU\NLR\AUTH\770268789 |
|
| 801 | 0 |
_aRU _bNLR _gpsbo |
|
| 801 | 1 |
_aRU _bELAR _2rusmarc |
|
| 852 |
_aNLR _j58-6/614 |
||
| 942 | _cBOOK | ||
| 980 | _aNB | ||